| 000 | 00702nam a22001937a 4500 | ||
|---|---|---|---|
| 008 | 100803t1997 Lon|||||r|||| 00| faeng d | ||
| 041 | _aeng | ||
| 082 |
_a891.733 _bDOS |
||
| 100 |
_917040 _aDostoyevsky, Fyodor _d1821-1881 |
||
| 245 |
_aCrine and Punishment / _cFyodor Dostoyevsky |
||
| 260 |
_aLondon : _bPenguin, _c1997 |
||
| 300 |
_a434p.; _c18cm. |
||
| 490 |
_917049 _aPenguin Popular classics |
||
| 500 | _acomlete and unabridged | ||
| 600 |
_917040 _aFyodor Dostoyevsky/ |
||
| 650 |
_917047 _aMurder _vFiction _zRussia |
||
| 942 |
_2ddc _cBB |
||
| 999 |
_c14602 _d14602 |
||